<?xml version="1.0" encoding="UTF-8"?>
<record
    xmlns:xsi="http://www.w3.org/2001/XMLSchema-instance"
    xsi:schemaLocation="http://www.loc.gov/MARC21/slim http://www.loc.gov/standards/marcxml/schema/MARC21slim.xsd"
    xmlns="http://www.loc.gov/MARC21/slim">

  <leader>00766nam a22001337a 4500</leader>
  <datafield tag="040" ind1=" " ind2=" ">
    <subfield code="c">RUA</subfield>
  </datafield>
  <datafield tag="082" ind1=" " ind2=" ">
    <subfield code="a">AVM SIE 2018 B654 Or.1</subfield>
  </datafield>
  <datafield tag="100" ind1=" " ind2=" ">
    <subfield code="a">SIENG SOPHEA &#x179F;&#x17C0;&#x1784;&#x200B; &#x179F;&#x17BB;&#x1797;&#x17B6;</subfield>
  </datafield>
  <datafield tag="245" ind1=" " ind2=" ">
    <subfield code="a">antimicrobal resistance of escherichia coli on suckling piglets in hor houy B farm at boresth district, kampong speu province &#x1797;&#x17B6;&#x1796;&#x179F;&#x17BB;&#x17C6;&#x17B6; escherichia coli &#x1791;&#x179B;&#x17CB;&#x1793;&#x17B9;&#x1784;&#x17AA;&#x179F;&#x1790;&#x179B;&#x17BE;&#x1780;&#x17BC;&#x1793;&#x1787;&#x17D2;&#x179A;&#x17BC;&#x1780;&#x1780;&#x17C6;&#x17A1;&#x17BB;&#x1784;&#x1796;&#x17C1;&#x179B;&#x1794;&#x17C5;&#x178A;&#x17C4;&#x17C7;&#x1780;&#x179F;&#x17B7;&#x178A;&#x17D2;&#x178B;&#x17B6;&#x1793; &#x17A0;&#x17C4; &#x17A0;&#x17BD;&#x1799; &#x1794;&#x17CA;&#x17B8; &#x179F;&#x17D2;&#x179A;&#x17BB;&#x1780;&#x1794;&#x179F;&#x17C1;&#x178A;&#x17D2;&#x178B; &#x1781;&#x17C1;&#x178F;&#x17D2;&#x178F;&#x1780;&#x17C6;&#x1796;&#x17BB;&#x1784;&#x179F;&#x17D2;&#x1796;&#x17BA;</subfield>
  </datafield>
  <datafield tag="260" ind1=" " ind2=" ">
    <subfield code="a">RUA</subfield>
    <subfield code="b">Phnom penh</subfield>
    <subfield code="c">2018</subfield>
  </datafield>
  <datafield tag="300" ind1=" " ind2=" ">
    <subfield code="a">x;40p</subfield>
    <subfield code="b">ill;</subfield>
    <subfield code="c">29cm</subfield>
  </datafield>
  <datafield tag="856" ind1=" " ind2=" ">
    <subfield code="u">https://drive.google.com/file/d/1ZHzK7v08mdDY9JjP6HyNXxmRWATaQ_2i/view?usp=sharing</subfield>
  </datafield>
  <datafield tag="942" ind1=" " ind2=" ">
    <subfield code="c">AVM</subfield>
  </datafield>
  <datafield tag="999" ind1=" " ind2=" ">
    <subfield code="c">18645</subfield>
    <subfield code="d">18645</subfield>
  </datafield>
  <datafield tag="952" ind1=" " ind2=" ">
    <subfield code="0">0</subfield>
    <subfield code="1">0</subfield>
    <subfield code="2">ddc</subfield>
    <subfield code="4">0</subfield>
    <subfield code="6">AVM_SIE_2018_000000000000000_B654_OR_1</subfield>
    <subfield code="7">0</subfield>
    <subfield code="9">83024</subfield>
    <subfield code="a">LBB</subfield>
    <subfield code="b">LBB</subfield>
    <subfield code="c">B654</subfield>
    <subfield code="d">2019-12-30</subfield>
    <subfield code="l">10</subfield>
    <subfield code="o">AVM SIE 2018 B654 Or.1</subfield>
    <subfield code="p">A063234</subfield>
    <subfield code="r">2023-08-04</subfield>
    <subfield code="s">2023-07-19</subfield>
    <subfield code="w">2019-12-30</subfield>
    <subfield code="y">AVM</subfield>
  </datafield>
  <datafield tag="952" ind1=" " ind2=" ">
    <subfield code="0">0</subfield>
    <subfield code="1">0</subfield>
    <subfield code="2">ddc</subfield>
    <subfield code="4">0</subfield>
    <subfield code="6">AVM_SIE_2018_000000000000000_B654_OR_2</subfield>
    <subfield code="7">0</subfield>
    <subfield code="9">83025</subfield>
    <subfield code="a">LBB</subfield>
    <subfield code="b">LBB</subfield>
    <subfield code="c">B654</subfield>
    <subfield code="d">2019-12-30</subfield>
    <subfield code="l">1</subfield>
    <subfield code="o">AVM SIE 2018 B654 Or.2</subfield>
    <subfield code="p">A43545</subfield>
    <subfield code="r">2023-08-07</subfield>
    <subfield code="s">2023-07-26</subfield>
    <subfield code="w">2019-12-30</subfield>
    <subfield code="y">AVM</subfield>
  </datafield>
  <datafield tag="952" ind1=" " ind2=" ">
    <subfield code="0">0</subfield>
    <subfield code="1">0</subfield>
    <subfield code="2">ddc</subfield>
    <subfield code="4">0</subfield>
    <subfield code="6">AVM_SIE_2018_000000000000000_B654_OR_3</subfield>
    <subfield code="7">0</subfield>
    <subfield code="9">83026</subfield>
    <subfield code="a">LBB</subfield>
    <subfield code="b">LBB</subfield>
    <subfield code="c">B654</subfield>
    <subfield code="d">2019-12-30</subfield>
    <subfield code="l">1</subfield>
    <subfield code="o">AVM SIE 2018 B654 Or.3</subfield>
    <subfield code="p">A063644</subfield>
    <subfield code="r">2023-07-19</subfield>
    <subfield code="s">2023-06-16</subfield>
    <subfield code="w">2019-12-30</subfield>
    <subfield code="y">AVM</subfield>
  </datafield>
  <datafield tag="952" ind1=" " ind2=" ">
    <subfield code="0">0</subfield>
    <subfield code="1">0</subfield>
    <subfield code="2">ddc</subfield>
    <subfield code="4">0</subfield>
    <subfield code="6">AVM_SIE_2018_000000000000000_B654_OR_4</subfield>
    <subfield code="7">0</subfield>
    <subfield code="9">83027</subfield>
    <subfield code="a">LBB</subfield>
    <subfield code="b">LBB</subfield>
    <subfield code="c">B654</subfield>
    <subfield code="d">2019-12-30</subfield>
    <subfield code="l">2</subfield>
    <subfield code="o">AVM SIE 2018 B654 Or.4</subfield>
    <subfield code="p">A063530</subfield>
    <subfield code="r">2024-07-31</subfield>
    <subfield code="s">2024-07-16</subfield>
    <subfield code="w">2019-12-30</subfield>
    <subfield code="y">AVM</subfield>
  </datafield>
  <datafield tag="952" ind1=" " ind2=" ">
    <subfield code="0">0</subfield>
    <subfield code="1">0</subfield>
    <subfield code="2">ddc</subfield>
    <subfield code="4">0</subfield>
    <subfield code="6">AVM_SIE_2018_000000000000000_B654_OR_5</subfield>
    <subfield code="7">0</subfield>
    <subfield code="9">83028</subfield>
    <subfield code="a">LBB</subfield>
    <subfield code="b">LBB</subfield>
    <subfield code="c">B654</subfield>
    <subfield code="d">2019-12-30</subfield>
    <subfield code="l">3</subfield>
    <subfield code="o">AVM SIE 2018 B654 Or.5</subfield>
    <subfield code="p">A43460</subfield>
    <subfield code="r">2023-08-04</subfield>
    <subfield code="s">2023-08-01</subfield>
    <subfield code="w">2019-12-30</subfield>
    <subfield code="y">AVM</subfield>
  </datafield>
  <datafield tag="952" ind1=" " ind2=" ">
    <subfield code="0">0</subfield>
    <subfield code="1">0</subfield>
    <subfield code="2">ddc</subfield>
    <subfield code="4">0</subfield>
    <subfield code="6">AVM_SIE_2018_000000000000000_B654_OR_6</subfield>
    <subfield code="7">0</subfield>
    <subfield code="9">83029</subfield>
    <subfield code="a">LBB</subfield>
    <subfield code="b">LBB</subfield>
    <subfield code="c">B654</subfield>
    <subfield code="d">2019-12-30</subfield>
    <subfield code="o">AVM SIE 2018 B654 Or.6</subfield>
    <subfield code="p">A43575</subfield>
    <subfield code="r">2019-12-30</subfield>
    <subfield code="w">2019-12-30</subfield>
    <subfield code="y">AVM</subfield>
  </datafield>
</record>
